LEADER 00945cam0-2200337---450- 001 990005831060403321 005 20120924131258.0 010 $a3-492-10776-1 035 $a000583106 035 $aFED01000583106 035 $a(Aleph)000583106FED01 035 $a000583106 100 $a19990604d1991----km-y0itay50------ba 101 0 $ager 102 $aDE 105 $aa-------001by 200 1 $a<>Tote Tag$fErnst Barlach$ghrsg. und mit eimen Vorwort von Helmar Harald Fischer 205 $a2. Aufl. 210 $aMünchen ; Zürich$cPiper$d1991 215 $a175 p.$cill.$d19 cm 225 1 $aSerie Piper$v776 676 $a832.912 700 1$aBarlach,$bErnst$f<1870-1938>$0131255 702 1$aHarald Fischer,$bHelmar 801 0$aIT$bUNINA$gRICA$2UNIMARC 901 $aBK 912 $a990005831060403321 952 $a832.912 BARL 8$bDip.f.m.9624$fFLFBC 959 $aFLFBC 996 $aTote Tag$9566836 997 $aUNINA LEADER 01216nlm0 22003731i 450 001 990009804210403321 005 20131219125034.0 010 $a9781119979449$bonline 035 $a000980421 035 $aFED01000980421 035 $a(Aleph)000980421FED01 035 $a000980421 100 $a20131219d2012----km-y0itay0103----ba 101 0 $aeng 135 $adrnn-008mamaa 200 1 $aDewhurst's textbook of obstetrics & gynaecology$bRisorsa elettronica$fedited by D. Keith Edmonds 205 $a8th ed. 210 $aChichester, West Sussex ; Hoboken, N. J.$cWiley-Blackwell$d2012 230 $aDocumento elettronico 336 $aTesto 337 $aFormato pdf 517 1 $aDewhurst's textbook of obstetrics and gynaecology 517 1 $aTextbook of obstetrics & gynaecology 676 $a618 702 1$aDewhurst,$bJohn 702 1$aEdmonds,$bD. Keith 801 0$aIT$bUNINA$gREICAT$2UNIMARC 856 4 $zFull text per gli utenti Federico II$uhttp://onlinelibrary.wiley.com/book/10.1002/9781119979449 901 $aEB 912 $a990009804210403321 961 $aGynecology 961 $aObstetrics 996 $aDewhurst's textbook of obstetrics & gynaecology$9837699 997 $aUNINA